Football Clubs in East Sussex - Statistics

General Stats
  • This quiz has been taken 12 times
  • The average score is 9 of 19
Answer Stats
Hint Answer % Correct
Premier League (1) Brighton & Hove Albion
100%
Isthmian League Premier (7) Lewes
100%
Isthmian League Premier (7) Hastings United
91%
SCFL Premier (9) Bexhill United
82%
SCFL Division One (10) AFC Uckfield Town
55%
SCFL Premier (9) Newhaven
55%
SCFL Division One (10) Seaford Town
55%
Isthmian League Premier (7) Whitehawk
55%
Isthmian League South East (8) Eastbourne Town
36%
SCFL Premier (9) Eastbourne United AFC
36%
SCFL Premier (9) Peacehaven & Telscombe
36%
SCFL Premier (9) Saltdean United
36%
SCFL Premier (9) Crowborough Athletic
27%
National League South (6) Eastbourne Borough
27%
SCFL Premier (9) Little Common
18%
SCFL Division One (10) Mile Oak
18%
SCFL Premier (9) AFC Varndeanians
9%
SCFL Division One (10) Forest Row
9%
SCFL Division One (10) Montpelier Villa
9%
No matching quizzes found
Score Distribution
Percent of People with Each Score
Percentile by Number Answered
Your Score History
You have not taken this quiz